Culture Générale - Série 520 - Statistiques

Statistiques générales
  • Ce quiz a été pris 183 fois
  • Le résultat moyen est 6 sur 10
Statistiques - réponses
Question Réponse % Correct
Quel nom désigne l'étude des maladies du coeur ? Cardiologie
95%
Quelle dynastie succède aux Mérovingiens en 751 ? Carolingiens
90%
De quel pénitencier Clint Eastwood s'évade-t-il selon le titre d'un film de 1979 ? Alcatraz
81%
Quelle était la nationalité du compositeur Felix Mendelssohn ? Allemande
68%
Quel terme, s'opposant à ubac, désigne le versant ensoleillé d'une montagne ? Adret
62%
Quelle grande épreuve sportive les New York Giants ont-ils remportée en 2008 ? Le Superbowl
52%
Quel est le prénom du "bienheureux" interprété par Philippe Noiret en 1968 ? Alexandre
44%
Qui chante le titre "On avance" en 1983 ? Alain Souchon
43%
Quel réalisateur dirige Ophélie Winter dans le film "Hommes, femmes : mode d'emploi" en 1996 ? Claude Lelouch
24%
Quelle est la profession de David Vincent dans la série télévisée "Les Envahisseurs" ? Architecte
7%
Aucun quiz correspondant
Distribution des résultats
% des personnes avec chaque résultat
Percentile par nombre de réponses
Votre historique - résultats
Vous n’avez pas pris ce quiz